Statistics for Countries with Biggest Gender Difference in the Literacy Rate

Click here to take the quiz!

General Stats

  • This quiz has been taken 136 times
  • The average score is 12 of 19

Answer Stats

MLR - FLRCountry% Correct
19.5%Nigeria
82%
27.8%Afghanistan
81%
26.9%Pakistan
77%
22.8%Democratic Republic of the Congo
76%
19.0%Mali
75%
30.1%Yemen
74%
21.0%Mauritania
71%
23.5%Guinea-Bissau
63%
24.6%Senegal
63%
26.4%Central African Republic
62%
21.1%Sierra Leone
61%
22.6%Benin
59%
23.0%Togo
59%
29.6%Liberia
58%
27.9%Mozambique
57%
21.3%Angola
54%
20.6%Cote D'Ivoire
54%
20.2%Morocco
46%
20.5%Nepal
44%

Score Distribution

Percentile by Number Answered

Percent of People with Each Score

Your Score History

You have not taken this quiz